000
00257nam a2200097Ia 4500
082
_a
372.35044 PEAC
245
0
_a
Teaching primary science
100
_a
PEACOCK, Alan Oxford, 2003
_9
85586
942
_c
BK
008
210817s9999 xx 000 0 und d
999
_c
320430
_d
320429